Central Library OPAC University of Rajshahi

Statistical assessment of the life characteristic : (Record no. 8013)

MARC details
000 -LEADER
fixed length control field 00851cam a22002532 4500
001 - CONTROL NUMBER
control field 8013
003 - CONTROL NUMBER IDENTIFIER
rucl marc code BD-RjUL
005 - DATE AND TIME OF LATEST TRANSACTION
control field 20211208234517.0
008 - FIXED-LENGTH DATA ELEMENTS--GENERAL INFORMATION
fixed length control field 140116s1964 xx 000 0 eng d
035 ## - SYSTEM CONTROL NUMBER
System control number OCLC ocm00965921 from D970721M
-- (BD-RjUL)8058
040 ## - CATALOGING SOURCE
Original cataloging agency ITD
Transcribing agency ITD
Modifying agency UKM
-- OCL
-- EQO
-- BD-RjUL
Language of cataloging eng
041 ## - LANGUAGE CODE
Language code of text/sound track or separate title eng
082 04 - DEWEY DECIMAL CLASSIFICATION NUMBER
Classification number 620.0045
Edition number 18
Author mark and year BUS 1964
090 ## - LOCALLY ASSIGNED LC-TYPE CALL NUMBER (OCLC); LOCAL CALL NUMBER (OCLC)
Classification number (OCLC) (R) ; Classification number, CALL (RLIN) (NR) TA168
Local cutter number (OCLC) ; Book number/undivided call number, CALL (RLIN) .B8 1964b
100 1# - MAIN ENTRY--PERSONAL NAME
Personal name Buckland, William R.
9 (RLIN) 25002
245 10 - TITLE STATEMENT
Title Statistical assessment of the life characteristic :
Remainder of title a bibliographic guide /
Statement of responsibility, etc. by William R Buckland.
260 ## - PUBLICATION, DISTRIBUTION, ETC. (IMPRINT)
Place of publication, distribution, etc. London :
Name of publisher, distributor, etc. C. Griffin,
Date of publication, distribution, etc. c1964
300 ## - PHYSICAL DESCRIPTION
Pagination 125 p. ;
Size 22 cm.
490 0# - SERIES STATEMENT
Series statement Griffin's statistical monographs & courses,
650 #0 - SUBJECT ADDED ENTRY--TOPICAL TERM
Topical term or geographic name as entry element Reliability (Engineering)
9 (RLIN) 25003
Topical term or geographic name as entry element Distribution (Probability theory)
9 (RLIN) 20785
Topical term or geographic name as entry element Experimental design.
9 (RLIN) 38
942 ## - ADDED ENTRY ELEMENTS (KOHA)
Source of classification or shelving scheme Dewey Decimal Classification
Koha item type Books
Holdings
Lost status Source of classification or shelving scheme Damaged status Not for loan Collection code Permanent Location Current Location Shelving location Date acquired Source of acquisition Cost, normal purchase price Total Checkouts Full call number Date last seen Copy number Koha item type
  Dewey Decimal Classification     Non-fiction Central Library, University of Rajshahi Central Library, University of Rajshahi   04/10/1969 Book View. 24.00   620.0045 BUS 1964 16/01/2014 C-10 Books
  Dewey Decimal Classification     Non-fiction Central Library, University of Rajshahi Central Library, University of Rajshahi   24/11/1965 Zeithlinger 24.00   620.0045 BUS 1964 31/08/2016 C-2 Books
  Dewey Decimal Classification     Non-fiction Central Library, University of Rajshahi Central Library, University of Rajshahi   29/03/1965 Euro enterprise 16.25   620.0045 BUS 1964 31/08/2016 C-3 Books
  Dewey Decimal Classification     Non-fiction Central Library, University of Rajshahi Central Library, University of Rajshahi   29/03/1965 Euro enterprise 16.25   620.0045 BUS 1964 31/08/2016 C-4 Books
  Dewey Decimal Classification     Non-fiction Central Library, University of Rajshahi Central Library, University of Rajshahi   29/03/1965 Euro enterprise 16.25   620.0045 BUS 1964 31/08/2016 C-5 Books
  Dewey Decimal Classification     Non-fiction Central Library, University of Rajshahi Central Library, University of Rajshahi   29/03/1965 Euro enterprise 16.25   620.0045 BUS 1964 31/08/2016 C-6 Books
  Dewey Decimal Classification     Non-fiction Central Library, University of Rajshahi Central Library, University of Rajshahi   29/03/1965 Euro enterprise 16.25   620.0045 BUS 1964 31/08/2016 C-7 Books
  Dewey Decimal Classification     Non-fiction Central Library, University of Rajshahi Central Library, University of Rajshahi   29/03/1965 Euro enterprise 16.25   620.0045 BUS 1964 31/08/2016 C-8 Books
  Dewey Decimal Classification     Non-fiction Central Library, University of Rajshahi Central Library, University of Rajshahi   24/11/1965 Zeithlinger 24.00   620.0045 BUS 1964 31/08/2016 C-9 Books